Особенности модификации топлива для ледоколов нового поколения; Двадцать четвертая Всероссийская научная конференция студентов-физиков и молодых ученых, ВНКСФ-24

Dades bibliogràfiques
Parent link:Двадцать четвертая Всероссийская научная конференция студентов-физиков и молодых ученых, ВНКСФ-24.— 2018.— [С. 587-588]
Autor principal: Жданова В. В. Валентина Вячеславовна
Autor corporatiu: Национальный исследовательский Томский политехнический университет Инженерная школа энергетики Научно-образовательный центр И. Н. Бутакова (НОЦ И. Н. Бутакова)
Altres autors: Глухий Д. И. Дмитрий Игоревич, Кузьмин А. В. Ариан Валерьевич
Sumari:Заглавие с экрана
Idioma:rus
Publicat: 2018
Col·lecció:Теплофизика
Matèries:
Accés en línia:http://asf.ural.ru/VNKSF/Tezis/v24/VNKSF-24-21.pdf#page=7
Format: MixedMaterials Electrònic Capítol de llibre
KOHA link:https://koha.lib.tpu.ru/cgi-bin/koha/opac-detail.pl?biblionumber=660030

MARC

LEADER 00000naa0a2200000 4500
001 660030
005 20250828105040.0
035 |a (RuTPU)RU\TPU\network\28911 
035 |a RU\TPU\network\20655 
090 |a 660030 
100 |a 20190417d2018 k y0rusy50 ca 
101 0 |a rus 
102 |a RU 
135 |a drgn ---uucaa 
181 0 |a i  
182 0 |a b 
200 1 |a Особенности модификации топлива для ледоколов нового поколения  |f В. В. Жданова, Д. И. Глухий, А. В. Кузьмин 
203 |a Текст  |c электронный 
225 1 |a Теплофизика 
300 |a Заглавие с экрана 
463 |t Двадцать четвертая Всероссийская научная конференция студентов-физиков и молодых ученых, ВНКСФ-24  |o материалы конференции, тезисы докладов, Томск, 31 Марта-7 Апреля 2018  |f Ассоциация студентов-физиков и молодых ученых России (АСФ России)  |v [С. 587-588]  |d 2018 
610 1 |a труды учёных ТПУ 
610 1 |a электронный ресурс 
610 1 |a топливо 
610 1 |a ледоколы 
700 1 |a Жданова  |b В. В.  |g Валентина Вячеславовна 
701 1 |a Глухий  |b Д. И.  |g Дмитрий Игоревич 
701 1 |a Кузьмин  |b А. В.  |c специалист в области теплоэнергетики  |c доцент Томского политехнического университета, кандидат технических наук  |f 1942-  |g Ариан Валерьевич  |3 (RuTPU)RU\TPU\pers\25529  |9 11459 
712 0 2 |a Национальный исследовательский Томский политехнический университет  |b Инженерная школа энергетики  |b Научно-образовательный центр И. Н. Бутакова (НОЦ И. Н. Бутакова)  |3 (RuTPU)RU\TPU\col\23504 
801 2 |a RU  |b 63413507  |c 20190417  |g RCR 
856 4 |u http://asf.ural.ru/VNKSF/Tezis/v24/VNKSF-24-21.pdf#page=7 
942 |c CF